Türk havacılık tarihi: (Record no. 14934)
[ view plain ]
| 000 -BAŞLIK | |
|---|---|
| Sabit Uzunlukta Kontrol Alanı | 00693nam a22002177a 4500 |
| 999 ## - SİSTEM KONTROL NUMARALARI (KOHA) | |
| Koha Biblionumber | 14934 |
| Koha Biblioitemnumber | 14934 |
| 003 - KONTROL NUMARASI IDENTIFIER | |
| Denetim Alanı | MIRAKIL |
| 005 - SON İŞLEM TARİHİ VE ZAMANI | |
| Denetim Alanı | 20220621162943.0 |
| 008 - SABİT-BOY VERİ ELEMANLARI - GENEL BİLGİLER | |
| Sabit Uzunlukta Kontrol Alanı | 220621b tu ||||| |||| 00| 0 tur d |
| 020 ## - ULUSLARARASI STANDART KİTAP NUMARASI | |
| Uluslararası Standart Kitap Numarası | 9786258049473 |
| 040 ## - KATALOGLAMA KAYNAK | |
| Orijinal Kataloglama Ajansı | TR-AnCHP |
| Metne Dönüştürmek Ajansı | TR-AnCHP |
| 041 ## - DİL KODU | |
| Metin / Ses Parça Veya Ayrı Başlığın Dil Kodu | tur |
| 082 ## - DEWEY ONLU SINIFLANDIRMA NUMARASI | |
| Sınıflandırma Numarası | 629.1309561 |
| Ürün Numarası | T96 2022 |
| 245 10 - BAŞLIK TABLOSU | |
| Başlık | Türk havacılık tarihi: |
| Başlığın Kalan | Doğuşu ve gelişimi/ |
| Sorumluluk Tablosu, Vb | Hazırlayan: Deniz Dalkılınç |
| 260 ## - YAYIN, DAĞITIM, VB | |
| Yayın, Dağıtım, Vb Yeri | İstanbul: |
| Yayıncı, Dağıtıcı, Vs Adı | İstanbul Büyükşehir Belediyesi, |
| Yayın, Dağıtım, Vb Tarihi | 2022. |
| 300 ## - FİZİKSEL TANIM | |
| Kapsam | 512 s.: |
| Diğer Fiziksel Ayrıntıları | fotg.; |
| Boyutlar | 28 sm. |
| 504 ## - KAYNAKÇA VB NOT | |
| Kaynakça Vb Notu | Dizin vardır. |
| 504 ## - KAYNAKÇA VB NOT | |
| Kaynakça Vb Notu | Kaynakça bölüm sonlarındadır. |
| 650 #0 - KONU KATMA GİRİŞ - TOPİKAL DÖNEM | |
| 9 (RLIN) | 4 |
| Topikal Süreli Veya Coğrafi Ad Giriş Elemanı | Türkiye |
| Genel Alt Bölümü | Havacılık |
| -- | Tarih |
| 700 1# - KATMA GİRİŞ - KİŞİSEL İSİM | |
| 9 (RLIN) | 3394 |
| Kişisel Ad | Dalkılınç, Deniz |
| Relator Terim | haz. |
| 942 ## - EKLENDİ GİRİŞ ELEMANLARI (KOHA) | |
| Sınıflandırma Veya Raf Düzeni Kaynak | Dewey Decimal Classification |
| Koha Öğesi Türü | Books |
| Kalıcı Konum | Mevcut Konum | Edinme Tarihi | Toplam Check-Out'Lar | Tam Çağrı Numarası | Barkod | Tarih Son Görülme | İtibaren Geçerli Fiyatlar | Koha Öğesi Türü |
|---|---|---|---|---|---|---|---|---|
| CHP Kütüphanesi | CHP Kütüphanesi | 06/21/2022 | 629.1309561 T96 2022 | 020464 | 06/21/2022 | 06/21/2022 | Books |
